Sistema de explotación neocolonialista /
Guardado en:
| Autor principal: | |
|---|---|
| Formato: | Texto |
| Etiquetas: |
Agregar Etiqueta
Sin Etiquetas, Sea el primero en etiquetar este registro!
|
MARC
| LEADER | 00000 a a2200000 04500 | ||
|---|---|---|---|
| 001 | 3133 | ||
| 003 | |||
| 040 | |||
| 100 | |a Dmitriev, Iván | ||
| 245 | |a Sistema de explotación neocolonialista / |c Iván Dmitriev | ||
| 773 | |g número 1; páginas 180-195 | ||
| 999 | |c 38528 |d 38528 | ||
